Territories in Antarctica - Sudden Death - Statistics

General Stats
  • This quiz has been taken 58 times
  • The average score is 4 of 7
Answers on the Grid
Answers color-coded by a green-red scale on the quiz's grid according to % correct below.
United States
United Kingdom
Finland
Germany
New Zealand
Russia
Indonesia
South Africa
Chile
Sweden
Norway
France
Argentina
Italy
China
India
Australia
Czehcia
Turkey
Canada
 
Answer Stats
Answer % Correct
United Kingdom
83%
New Zealand
71%
Chile
63%
Australia
60%
Norway
60%
Argentina
51%
France
51%
No matching quizzes found
Score Distribution
Percent of People with Each Score
Percentile by Number Answered
Your Score History
You have not taken this quiz